000 00679nam a2200229 a 4500
001 BRCA_8095
005 20190320210129.0
008 070414s1966----gw-a###f##---#001-0#ger-#
041 _ager
044 _agw
050 4 _aNK9507
_b.C789
_c1966
100 1 _aLe Corbeiller, Clare
_91311
245 1 0 _aAlte tabakdosen
_baus Europa und Amerika
_cClare Le Corbeiller.
260 _aMunchen
_bKeysersche
_c1966
300 _a400 p.
_bil. (algunas a color)
_c22 cm.
500 _aY136
650 1 4 _aTabaco
_vCajas y embalajes
_920135
651 4 _aEuropa
_vCajas de tabaco
_y1730-1830
_920136
651 4 _aAmerica
_vCajas de tabaco
_y1730-1830
_920137
902 _aGFM
942 _2lcc
_cB
999 _c7763
_d7763